<?xml version="1.0" encoding="UTF-8"?><?xml-stylesheet type="text/xsl" href="static/style.xsl"?><OAI-PMH xmlns="http://www.openarchives.org/OAI/2.0/" xmlns:xsi="http://www.w3.org/2001/XMLSchema-instance" xsi:schemaLocation="http://www.openarchives.org/OAI/2.0/ http://www.openarchives.org/OAI/2.0/OAI-PMH.xsd"><responseDate>2026-04-13T07:10:48Z</responseDate><request verb="GetRecord" identifier="oai:www.recercat.cat:10459.1/463467" metadataPrefix="marc">https://recercat.cat/oai/request</request><GetRecord><record><header><identifier>oai:recercat.cat:10459.1/463467</identifier><datestamp>2025-09-15T18:38:04Z</datestamp><setSpec>com_2072_3622</setSpec><setSpec>col_2072_479130</setSpec></header><metadata><record xmlns="http://www.loc.gov/MARC21/slim" xmlns:dcterms="http://purl.org/dc/terms/" xmlns:xsi="http://www.w3.org/2001/XMLSchema-instance" xmlns:doc="http://www.lyncode.com/xoai" xsi:schemaLocation="http://www.loc.gov/MARC21/slim http://www.loc.gov/standards/marcxml/schema/MARC21slim.xsd">
   <leader>00925njm 22002777a 4500</leader>
   <datafield ind2=" " ind1=" " tag="042">
      <subfield code="a">dc</subfield>
   </datafield>
   <datafield ind2=" " ind1=" " tag="720">
      <subfield code="a">Ceresuela, Jesús M.</subfield>
      <subfield code="e">author</subfield>
   </datafield>
   <datafield ind2=" " ind1=" " tag="720">
      <subfield code="a">López Lorenzo, Ignacio</subfield>
      <subfield code="e">author</subfield>
   </datafield>
   <datafield ind2=" " ind1=" " tag="720">
      <subfield code="a">Chemisana Villegas, Daniel</subfield>
      <subfield code="e">author</subfield>
   </datafield>
   <datafield ind2=" " ind1=" " tag="260">
      <subfield code="c">2023-05-10</subfield>
   </datafield>
   <datafield ind2=" " ind1=" " tag="520">
      <subfield code="a">Radial Moore graphs and digraphs are extremal graphs related to the Moore ones where the distance-preserving spanning tree is preserved for some vertices. This leads to classify them according to their proximity to being a Moore graph or digraph. In this paper we deal with mixed radial Moore graphs, where the mixed setting allows edges and arcs as different elements. An exhaustive computer search shows the top ranked graphs for an specific set of parameters. Moreover, we study the problem of their existence by providing two infinite families for different values of the degrees and diameter 3. One of these families turns out to be optimal.</subfield>
   </datafield>
   <datafield ind2=" " ind1=" " tag="520">
      <subfield code="a">The authors would like to thank “Ministerio de Ciencia e Innovaci´on” of
Spain, MCIN/AEI/10.13039/501100011033 (grant references PID2019-111536RBI00 and PID2020-115442RB-I00) and AGAUR (grants references 2017SGR1158
and 2017SGR1276). Research of J. M. Ceresuela was supported by Secretaria d’Universitats i Recerca del Departament d’Empresa i Coneixement
de la Generalitat de Catalunya (grant 2020 FISDU 00596). D. Chemisana
thanks “Instituci´o Catalana de Recerca i Estudis Avan¸cats (ICREA)” for
the ICREA Acad`emia award.</subfield>
   </datafield>
   <datafield tag="653" ind2=" " ind1=" ">
      <subfield code="a">Mixed graph</subfield>
   </datafield>
   <datafield tag="653" ind2=" " ind1=" ">
      <subfield code="a">Degree/diameter problem</subfield>
   </datafield>
   <datafield tag="653" ind2=" " ind1=" ">
      <subfield code="a">Moore bound</subfield>
   </datafield>
   <datafield tag="653" ind2=" " ind1=" ">
      <subfield code="a">Diameter</subfield>
   </datafield>
   <datafield ind2="0" ind1="0" tag="245">
      <subfield code="a">On mixed radial Moore graphs of diameter 3</subfield>
   </datafield>
</record></metadata></record></GetRecord></OAI-PMH>